| 000 | 01182nam a2200289 4500 | ||
|---|---|---|---|
| 001 | 0000020899 | ||
| 003 | CO-CtgCURN | ||
| 005 | 20250331184415.0 | ||
| 007 | ta | ||
| 008 | 160627s2001 000 0 eng d | ||
| 020 | _a9586761096 | ||
| 040 |
_aCO-CtgCURN _bspa _ccoctgcurn |
||
| 082 | 0 |
_a340.1 _bM33pm |
|
| 100 | 1 | _aMedina Torres, Carlos Bernardo. | |
| 245 | 1 | 0 |
_aProceso modelo de Stuttgart y enseñanza del derecho : _bprocesalismo critico, elementos reales para una reforma judicial eficaz / _cCarlos Bernardo Medina Torres. |
| 260 |
_aBogotá : _bEdiciones Doctrina y Ley, _c2001. |
||
| 300 | _axx, 164 p. ; 23 cm. | ||
| 336 | _2rdacontent | ||
| 337 |
_2rdamedia _asin mediacion _bn |
||
| 338 |
_2rdacarrier _avolumen _bnc |
||
| 504 | _aIncluye bibliografias. | ||
| 505 | 8 | _aProceso modelo de stuttgart.--Elementos reales para el proceso judicial.--Enseñanza del derecho procesal.--Nacimiento de la ciencia juridica europea.--Derecho constitucional procesal.--La educación.--La comunicación | |
| 650 | 1 | 4 | _aDerecho procesal. |
| 908 | _a160627 | ||
| 942 |
_cBK _h340.1 _iM33pm _2ddc |
||
| 999 |
_c18726 _d18726 |
||